000 00536nam a2200193Ia 4500
005 20250326144325.0
008 250326s9999 xx 000 0 und d
037 _aTextbook
040 _aFMSL
_beng
_cFMSL
041 _aeng
_2eng
084 _aY592.44 P8
_qFMSL
100 _aBhargavs Rajeev
_9749472
245 0 _aJustice-Political, Social , Juridical
_cBhargavs Rajeev
260 _aNew Delhi
_bNew Delhi, Sage
_c2008
365 _b650
650 _aNovel
942 _cTB
_hY592.44 P8
999 _c1303305
_d1303305